Bridging the Entrepreneurial Gap : Addressing Barriers to Small Business Formation and Growth.

Bibliographic Details
Format: Government Document eBook
Language:English
Published: Bethesda, Md. : ProQuest, 2017.
Subjects:
Online Access:electronic resource (pdf)

MARC

Tag First Indicator Second Indicator Subfields
LEADER 00000cam a22000001i 4500
001 in00004157549
005 20200117101308.0
006 m d f
007 cr bn mmmapmmp
008 180717s2017 mdu o f000 0 eng d
024 8 |a hrghrg2017sbu181262 
024 8 |a chdc20180391 
035 |a chdc20180391 
040 |a UMI  |c UMI  |e rda  |d UtOrBLW 
043 |a n-us--- 
086 0 |a Y4.SM1:115-050 
110 1 |a United States.  |b Congress.  |b House.  |b Committee on Small Business.  |b Subcommittee on Agriculture, Energy, and Trade,  |e issuing body.  |0 http://id.loc.gov/authorities/names/no2011134587 
245 1 0 |a Bridging the Entrepreneurial Gap :  |b Addressing Barriers to Small Business Formation and Growth. 
264 1 |a Bethesda, Md. :  |b ProQuest,  |c 2017. 
300 |a 48 pages, digital, PDF file. 
336 |a text  |2 rdacontent  |b txt 
337 |a computer  |b c  |2 rdamedia 
338 |a online resource  |2 rdacarrier  |b cr 
500 |a Record is based on bibliographic data in ProQuest U.S. Congressional Hearings Digital Collection. Reuse except for individual research requires license from ProQuest, LLC. 
500 |a "Dec. 11, 2017." 
500 |a Committee on Small Business Serial Number 115-050. 
533 |a Electronic reproduction.  |b [Bethesda, Md.] :  |c ProQuest,  |d 2018.  |e digital, PDF file.  |n ProQuest Congressional Hearings Digital Collection.  |n Mode of access: World Wide Web via ProQuest website. 
538 |a System requirements: PDF reader software. 
650 0 |a Job creation  |z United States.  |0 http://id.loc.gov/authorities/subjects/sh2008106158 
650 0 |a Small business  |z United States. 
650 0 |a Entrepreneurship  |z United States.  |0 http://id.loc.gov/authorities/subjects/sh2008102830 
776 0 8 |i Microfiche version:   |a United States. Congress. House. Committee on Small Business. Subcommittee on Agriculture, Energy and Trade.  |t Bridging the Entrepreneurial Gap  |o CIS 2018 H721-181262 
856 4 0 |u http://proxy.library.tamu.edu/login?url=http://congressional.proquest.com/congcomp/getdoc?hearing-id=hrg-2017-sbu-181262  |y electronic resource (pdf)  |z CIS 2018 H721-181262  |t 0 
999 f f |s 3e3f76b3-c9fc-31e3-9e61-d3aa19ea0ccd  |i 5b9227ae-5443-3805-b762-d05f8139289a  |t 0 
952 f f |a Texas A&M University  |b College Station  |c Electronic Resources  |d Available Online  |t 0  |e Y4.SM1:115-050  |h Superintendent of Documents classification 
998 f f |a Y4.SM1:115-050  |t 0  |l Available Online